[Event "Asian-ch Indonesia B2 B3"]
[Site "Cempaka Putih"]
[Date "2018.10.08"]
[Round "3.6"]
[White "Cassim, Tuan Mohamet Rushdi"]
[Black "Satrio, Gayuh"]
[Result "0-1"]
[WhiteElo "1031"]
[BlackElo "1953"]
[PlyCount "66"]
[EventDate "2018.10.07"]
[EventType "swiss"]
[EventRounds "7"]
[EventCountry "INA"]
[SourceTitle "EXT 2024"]
[Source "ChessBase"]
[SourceDate "2023.10.10"]
[SourceVersion "1"]
[SourceVersionDate "2023.10.10"]
[SourceQuality "1"]

1. e4 c5 2. c3 d5 3. e5 Nc6 4. Nf3 Bg4 5. Bb5 Qb6 6. Bxc6+ bxc6 7. h3 Bh5 8. d3 e6 9. Nbd2 Bg6 10. Qb3 Bxd3 11. Qxb6 axb6 12. Nb3 Ne7 13. Be3 Nf5 14. Bf4 h6 15. Nc1 Be4 16. Ne2 Bxf3 17. gxf3 Nh4 18. Kf1 g5 19. Bg3 Nxf3 20. Kg2 Nd2 21. h4 Bg7 22. hxg5 hxg5 23. Rxh8+ Bxh8 24. Rh1 Bg7 25. Rh7 Kf8 26. f4 Rxa2 27. fxg5 Rxb2 28. Kh3 Ne4 29. Bf4 Rxe2 30. g6 fxg6 31. Bh6 Bxh6 32. Rxh6 Kg7 33. Rh4 Nxc3 0-1